000 00753nam a22002297a 4500
999 _c19137
_d19137
003 AR-CdUCM
008 190516b ||||| |||| 00| 0 spa d
040 _aMUNICIPALIDAD PROVINCIAL DEL CUSCO
_cBIBLIOTECA MUNICIPAL DEL CUSCO
041 _heng
082 _a301.7 /
_bR14
100 _aRadin, Paul
_940299
245 _aEl hombre primitivo como filósofo /
260 _aBuenos Aires :
_bEUDEBA,
_c1960.
300 _a364 páginas ;
_c23 cm.
505 _aContenido: Hombre y sociedad -- Los aspectos superiores del pensamiento primitivo...
650 _aSociedad primitiva
_914290
650 _aEtnopsicología
_921337
650 _aEl hombre
_916004
700 _aMaljuri, Abelardo (traducción)
_940300
942 _2ddc
_cLIBROS
945 _arcc